000 00303nam a2200109Ia 4500
008 201216s9999 xx 000 0 und d
100 _aDubrin, Andrew
245 0 _aFundamentals of Organization Behaviour: An applied perspective
260 _aEnglewood Cliffs
_bPrentice Hall
300 _a499
942 _cBK
999 _c6572
_d6572